| 000 | 00355nam a2200121Ia 4500 | ||
|---|---|---|---|
| 005 | 20251222144828.0 | ||
| 008 | 251222s9999||||xx |||||||||||||| ||spa|| | ||
| 082 | _a278.04/M84 | ||
| 100 | _aMogrovejo, Toribio Alfonso de | ||
| 245 | 0 | _aReglas consuetas o instituciones consuetudinales de la Iglesia Metropolitana | |
| 264 | _bJosé de Huerta | ||
| 942 | _cLIB | ||
| 999 |
_c20743 _d20743 |
||